| 000 | 00732nam a22002537a 4500 | ||
|---|---|---|---|
| 003 | CHAP | ||
| 005 | 20220329134501.0 | ||
| 008 | 971013s r 00010 d | ||
| 010 | _a21046 | ||
| 011 | _a22018 | ||
| 035 | _a26110 | ||
| 040 | _cCHAP | ||
| 090 | _aFolleto 10846 | ||
| 100 | 0 | 0 |
_aBonsai Magazine. _913752 |
| 245 |
_aThis is bonsai _b: a growing plant, a container soil material |
||
| 260 |
_aLos Altos, C. A. : _bThe Magazine, _c(197?) |
||
| 300 |
_aHoja desplegable _b: ilus. |
||
| 590 |
_aBATCH-UPD _b10 _c20130110 _lUCH01 _h1439 |
||
| 590 |
_aCONVERSION _b10 _c20130109 _lUCH01 _h1312 |
||
| 650 | 1 | 4 |
_aBonsai. _913751 |
| 901 | _aBK | ||
| 942 | _cFOLL | ||
| 949 |
_aFolleto 10846 _bBC _cFOLL _d-60307 _eTS1 _i26110 _mD _si |
||
| 999 |
_c21046 _d21046 |
||